埼玉県内の数字がつく駅 - Statistics

General Stats
  • This quiz has been taken 25 times
  • The average score is 8 of 9
Answer Stats
事業者 路線 数字 駅名 % Correct
JR東日本 武蔵野線 三郷
100%
JR東日本 武蔵野線 新三郷
95%
首都圏新都市鉄道 常磐新線 (つくばエクスプレス) 三郷中央
95%
秩父鉄道 秩父線 三峰口
89%
首都圏新都市鉄道 常磐新線 (つくばエクスプレス) 八潮
89%
東武鉄道 伊勢崎線 一ノ割
84%
東武鉄道 野田線 七里
84%
東武鉄道 野田線 八木崎
79%
東武鉄道 越生線 一本松
63%
No matching quizzes found
Score Distribution
Percent of People with Each Score
Percentile by Number Answered
Your Score History
You have not taken this quiz